[Event "Elista Dordzhiev Memorial"]
[Site "Elista"]
[Date "2011.04.26"]
[Round "4"]
[White "Pilavov, Georgy"]
[Black "Grigoryan, Artur"]
[Result "1-0"]
[WhiteElo "2619"]
[BlackElo "2388"]
[PlyCount "41"]
[EventDate "2011.04.24"]
[EventType "tourn"]
[EventRounds "9"]
[EventCountry "RUS"]
[EventCategory "7"]
[SourceTitle "EXT 2012"]
[Source "ChessBase"]
[SourceDate "2011.11.24"]
[SourceVersion "1"]
[SourceVersionDate "2011.11.24"]
[SourceQuality "1"]

1. e4 c6 2. d4 d5 3. Nc3 dxe4 4. Nxe4 Nf6 5. Bd3 Qxd4 6. Nf3 Qd8 7. Neg5 Nbd7 8. 0-0 e6 9. Re1 Bc5 10. Nxf7 Kxf7 11. Ng5+ Kg8 12. Rxe6 Qf8 13. Rxf6 Qxf6 14. Bc4+ Kf8 15. Ne6+ Ke8 16. Bg5 Qxf2+ 17. Kh1 Be7 18. Nxg7+ Kf8 19. Ne6+ Ke8 20. Qh5+ Qf7 21. Ng7+ 1-0

[Event "Kislovodsk Plaza op"]
[Site "Kislovodsk"]
[Date "2010.12.17"]
[Round "7"]
[White "Grigoryan, Artur"]
[Black "Botoyan, Smbat"]
[Result "0-1"]
[WhiteElo "2409"]
[BlackElo "2194"]
[PlyCount "104"]
[EventDate "2010.12.11"]
[EventType "swiss"]
[EventRounds "9"]
[EventCountry "RUS"]
[SourceTitle "EXT 2013"]
[Source "ChessBase"]
[SourceDate "2012.11.22"]
[SourceVersion "1"]
[SourceVersionDate "2012.11.22"]
[SourceQuality "1"]

1. d4 d5 2. Nf3 Nf6 3. g3 c6 4. Bg2 Bf5 5. 0-0 e6 6. c4 h6 7. b3 Be7 8. Bb2 0-0 9. Nbd2 Ne4 10. Ne1 Nxd2 11. Qxd2 Nd7 12. f3 Bh7 13. e4 dxe4 14. fxe4 Qb6 15. Kh1 Rad8 16. Rd1 Qa6 17. Bc3 b5 18. cxb5 Qxb5 19. Rf2 Nf6 20. Qe2 Bc5 21. Rd2 Bb6 22. Nc2 e5 23. Qxb5 cxb5 24. Rfe2 exd4 25. Bxd4 Bxd4 26. Nxd4 Rc8 27. h3 b4 28. e5 Nh5 29. Kh2 g5 30. Nc6 Rc7 31. Nxb4 Kg7 32. Nd5 Rc1 33. Bf3 Bg6 34. Rd4 Rd8 35. Ra4 Rc5 36. Rd2 Rc3 37. Kg2 Re3 38. Bxh5 Bxh5 39. g4 Rxe5 40. gxh5 Rexd5 41. Rxd5 Rxd5 42. Rxa7 Rd4 43. Kg3 Rd3+ 44. Kf2 Rxh3 45. b4 Rxh5 46. a4 Rh2+ 47. Kf3 Rb2 48. b5 h5 49. Rb7 h4 50. Kg4 Kg6 51. Rb6+ f6 52. a5 Rb3 0-1

[Event "Kislovodsk Plaza op"]
[Site "Kislovodsk"]
[Date "2010.12.13"]
[Round "3"]
[White "Grigoryan, Artur"]
[Black "Ilyinikh, Yury"]
[Result "1/2-1/2"]
[WhiteElo "2409"]
[BlackElo "2134"]
[PlyCount "102"]
[EventDate "2010.12.11"]
[EventType "swiss"]
[EventRounds "9"]
[EventCountry "RUS"]
[SourceTitle "EXT 2013"]
[Source "ChessBase"]
[SourceDate "2012.11.22"]
[SourceVersion "1"]
[SourceVersionDate "2012.11.22"]
[SourceQuality "1"]

1. Nf3 d5 2. g3 Nf6 3. Bg2 c5 4. d4 e6 5. 0-0 Nc6 6. c4 cxd4 7. Nxd4 Nxd4 8. Qxd4 Qb6 9. Qxb6 axb6 10. cxd5 exd5 11. Nc3 Be6 12. Rd1 Bc5 13. Nxd5 Bxd5 14. Bxd5 Nxd5 15. Rxd5 Ke7 16. Bd2 Rhd8 17. Rxd8 Rxd8 18. Bc3 f6 19. Kf1 b5 20. a3 Ke6 21. e4 g5 22. h3 h5 23. Ke2 f5 24. f3 fxe4 25. fxe4 Rf8 26. Rf1 Rxf1 27. Kxf1 g4 28. hxg4 hxg4 29. Ke2 Bd6 30. Be1 Be5 31. b3 Kd6 32. Kd3 Kc6 33. Bf2 Bd6 34. a4 Be5 35. Be1 Kc5 36. b4+ Kc6 37. a5 Kd6 38. Ke2 Ke6 39. Kd3 Kd6 40. Bf2 Ke6 41. Ke2 Kd7 42. Be1 Ke6 43. Kf2 Bd4+ 44. Ke2 Be5 45. Ke3 Kd7 46. Kd3 Ke6 47. Bf2 Kd6 48. Ba7 Ke6 49. Bf2 Kd6 50. Ke2 Ke6 51. Be1 Kd6 1/2-1/2

[Event "Nevinnomyssk Rating 5th"]
[Site "Nevinnomyssk"]
[Date "2010.09.??"]
[Round "5"]
[White "Grigoryan, Artur"]
[Black "Doronin, Oleg"]
[Result "1-0"]
[WhiteElo "2407"]
[BlackElo "1973"]
[PlyCount "106"]
[EventDate "2010.09.29"]
[EventType "swiss"]
[EventRounds "9"]
[EventCountry "RUS"]
[SourceTitle "EXT 2013"]
[Source "ChessBase"]
[SourceDate "2012.11.22"]
[SourceVersion "1"]
[SourceVersionDate "2012.11.22"]
[SourceQuality "1"]

1. e4 c5 2. Nf3 d6 3. c3 Nf6 4. Bd3 g6 5. Bc2 Bg7 6. 0-0 0-0 7. d4 cxd4 8. cxd4 Nc6 9. Nc3 Bg4 10. Be3 Rc8 11. h3 Bxf3 12. Qxf3 Nd7 13. Rad1 e5 14. dxe5 dxe5 15. Bb3 Nd4 16. Bxd4 exd4 17. Nd5 Nc5 18. Rfe1 Nxb3 19. Qxb3 Qd7 20. f4 Kh8 21. f5 Be5 22. Qf3 Rc2 23. Re2 Rfc8 24. Rxc2 Rxc2 25. fxg6 hxg6 26. Qb3 d3 27. Qxd3 Rxb2 28. a3 Qd6 29. Qe3 Kg7 30. Kh1 Qa6 31. Qf3 Qe2 32. Qxe2 Rxe2 33. g4 Rxe4 34. Kg2 Ra4 35. Rd3 Rd4 36. Rxd4 Bxd4 37. a4 Kf8 38. Kf3 Ke8 39. Ke4 Bf2 40. Nc3 Kd7 41. Nd1 Bh4 42. Kd5 Be7 43. Nc3 a6 44. Ne4 f5 45. gxf5 gxf5 46. Nd2 f4 47. Ke4 Bd6 48. Nc4 Bc7 49. h4 b5 50. axb5 axb5 51. Nb2 Ke6 52. Nd3 Kf6 53. h5 Kg5 1-0